00443 2200169 4500001002100000005001500021008004100036035001900077041000700096082001500103090002100118100001600139245003600155260003300191300002800224650002100252INLIS00000000000665820241224113328241224||||||||| | ||| |||| || |  0010-1224006658 aid0 a398.209598 a398.209598 ASE a0 aA. Setiawan00aAsal Mula Kesenian Tari Jaipong aBandungbPustaka Setiac2007 a26,5x18,5 cm, 138 hlm.; 0aIlmu-ilmu Sosial